| 000 | 02081aam a2200457 i 4500 | ||
|---|---|---|---|
| 001 | in902895083 | ||
| 003 | Ingram | ||
| 005 | 20250402093939.0 | ||
| 008 | 241025s2024 bcca c b 001 0 eng d | ||
| 010 | _a 2023948106 | ||
| 020 |
_a9781459836761 _q(hardcover) |
||
| 020 |
_a1459836766 _q(hardcover) |
||
| 035 | _a(OCoLC)1405205881 | ||
| 040 |
_aTnLvILS _beng _erda _cTnLvILS |
||
| 050 | 4 |
_aGT2850 _b.C54 2024 |
|
| 082 | 0 | 4 |
_a394.1/2 _223 |
| 100 | 1 |
_aClendenan, Megan, _d1977- _eauthor. _96542097 |
|
| 245 | 1 | 0 |
_aWhat do we eat? : _bhow humans find, grow and share food / _cMegan Clendenan ; illustrated by Meegan Lim. |
| 263 | _a202409 | ||
| 264 | 1 |
_aVictoria, British Columbia : _bOrca Book Publishers, _c2024. |
|
| 300 |
_a87 pages : _billustrations (chiefly color) ; _c28 cm. |
||
| 336 | _atext | ||
| 337 | _aunmediated | ||
| 338 | _avolume | ||
| 490 | 1 | _aOrca timeline | |
| 505 | 0 | _aFood on the go -- Under attack -- Grow it, raise it, find it, catch it -- Let's eat together! -- Enough for everyone. | |
| 521 | 1 | _a09-12. | |
| 521 | 2 | _a04-07. | |
| 588 |
_aDescription based on publisher data; resource not viewed. _5TLvILS |
||
| 504 | _aIncludes bibliographical references and index. | ||
| 520 | _aImagine carrying meals with you as you parachute into a war zone. Or trying to stay well fed while building the pyramids. People have always found ways to work together to put a meal on the table. What Do We Eat? is a delicious celebration of human creativity and cooperation, wrapped up in bite-sized slices of history, with a look at what scientists and inventors are cooking for the future. | ||
| 650 | 0 |
_aFood _vJuvenile literature. _95724397 |
|
| 650 | 0 |
_aFood habits _vJuvenile literature. _95706410 |
|
| 650 | 0 |
_aFood supply _vJuvenile literature. _96456179 |
|
| 650 | 1 | _aFood. | |
| 650 | 1 | _aFood habits. | |
| 650 | 1 | _aFood supply. | |
| 655 | 7 |
_aInstructional and educational works. _2lcgft _95744223 |
|
| 700 | 1 |
_aLim, Meegan, _d1999- _eillustrator. _96542098 |
|
| 830 | 0 |
_aOrca timeline. _96483269 |
|
| 999 |
_c406351 _d406351 |
||